00461nam a2200157Ia 4500003000900000008004100009040001600050080001900066100002200085245007600107260003900183300001400222650001900236650002700255650002100282IN-BaIIA211028s9999 xx 000 0 eng d cIIA Library a53.082.16bDEI aDeimel, Richard F 0aMechanics of the gyroscopebthe dynamics of ratationcRichard F. Deimel aNew YorkbDover Publicationsc1950 aix, 192p. a Gyroscopes  a Mathematical physics aNASA thesaurus